[Event "Dortmund Sparkassen op-B"]
[Site "Dortmund"]
[Date "2015.06.28"]
[Round "2"]
[White "Kartsev, Nikolaj"]
[Black "Maliyevskyy, Danyil"]
[Result "1-0"]
[WhiteElo "1671"]
[BlackElo "1486"]
[PlyCount "34"]
[EventDate "2015.06.27"]
[EventType "swiss"]
[EventRounds "9"]
[EventCountry "GER"]
[SourceTitle "CBM 167 Extra"]
[Source "ChessBase"]
[SourceDate "2015.09.14"]
[SourceVersion "1"]
[SourceVersionDate "2015.09.14"]
[SourceQuality "1"]

1. e4 d6 2. d4 Nf6 3. Nc3 e5 4. dxe5 dxe5 5. Qxd8+ Kxd8 6. Bg5 Nbd7 7. 0-0-0 Be7 8. Nf3 h6 9. Nxe5 Ke8 10. Nxd7 Bxd7 11. Bxf6 Bxf6 12. Nd5 Bd8 13. Bc4 c6 14. Ne3 b5 15. Bxf7+ Kxf7 16. Rxd7+ Be7 17. Nf5 Rhe8 1-0

[Event "Dortmund Sparkassen op-B"]
[Site "Dortmund"]
[Date "2015.06.27"]
[Round "1"]
[White "Maliyevskyy, Danyil"]
[Black "Barth, Hans Joachim"]
[Result "0-1"]
[WhiteElo "1486"]
[BlackElo "1727"]
[PlyCount "129"]
[EventDate "2015.06.27"]
[EventType "swiss"]
[EventRounds "9"]
[EventCountry "GER"]
[SourceTitle "CBM 167 Extra"]
[Source "ChessBase"]
[SourceDate "2015.09.14"]
[SourceVersion "1"]
[SourceVersionDate "2015.09.14"]
[SourceQuality "1"]

1. d4 Nf6 2. c4 c5 3. Nf3 cxd4 4. Nxd4 g6 5. Nc3 Bg7 6. e4 d6 7. Be2 0-0 8. 0-0 Nc6 9. Nf3 Bg4 10. Bg5 Qa5 11. Bf4 Rac8 12. h3 Bxf3 13. Bxf3 h5 14. Bd2 Qe5 15. b3 Nd4 16. Re1 Nd7 17. Nd5 Rfe8 18. Bc3 e6 19. Bxd4 Qxd4 20. Qxd4 Bxd4 21. Rad1 Bc5 22. Nc3 Bb4 23. Re3 a6 24. e5 d5 25. Nb1 Bc5 26. Re2 Nb6 27. cxd5 exd5 28. Bxd5 Nxd5 29. Rxd5 Bf8 30. Rd1 Rc5 31. Rde1 Bh6 32. g3 Rec8 33. Na3 b5 34. e6 f5 35. e7 Re8 36. Nc2 Kf7 37. Nb4 a5 38. Nd3 Rc7 39. Ne5+ Kf6 40. Nf3 Rc1 41. Re6+ Kf7 42. Nd4 Bg5 43. Nxb5 Rxe1+ 44. Rxe1 Bxe7 45. Nd4 Rc8 46. Re2 h4 47. gxh4 Bxh4 48. Nf3 Bf6 49. Ne5+ Kg7 50. f4 Rc3 51. Kh2 Rc1 52. Nc4 a4 53. Nb6 axb3 54. axb3 Rc3 55. b4 Rd3 56. Rc2 Bh4 57. Rc4 Rd2+ 58. Kg1 Bf2+ 59. Kh1 Bxb6 60. Rc3 Rd4 61. Rf3 Rxb4 62. Kg2 Rb1 63. Kh2 Bc7 64. h4 Kh6 65. Kh3 0-1